00648cam a22002171 4500001001300000003000400013005001700017008004100034010001700075035001900092040001800111042001200129050002600141082001000167100002300177245009500200260007400295300001800369490002600387999001700413ca 36000210 DLC20260227111140.0790718s1936 mau 000 0 eng  aca 36000210  a(OCoLC)5183890 aDLCcOCldDLC apremarc00aPS3521.E5467bD4 1936 a812.51 aKennedy, Harold J.10aDeath comes to the quack doctor;ba play in one act and a prologue,cby Harold J. Kennedy. aBoston, Mass.,aLos Angeles, Cal.,b[Walter H. Baker company,cc1936] a32 p.c19 cm.0 aBaker's royalty plays c18033d18033